00445nam a2200157Ia 450000500170000000800410001708200130005810000160007124500220008726000360010930000120014565000100015794200060016795200990017399900150027220250323161135.0240331s9999 xx 000 0 und d bMADa894 aMadhavan, A 0aKrishnap parunthu aShivagangaibAnam pvt Ltdc1995 a164 p., aNovel cL 001040708LaWERCLbWERCLcSSCd2024-03-31l0o 894.811 MADp4091r2024-03-31w2024-03-31yL c4042d4042